00944nam a22001817a 4500952011600000999001700116008004100133050002400174100004300198245023800241260003000479300003200509519000900541700004800550710008800598710006600686942001000752 00102lcc4070a22b22d2012-12-12l3oT HF5548 A32 2012p11 009989r2014-02-12s2014-02-12t1w2012-12-12yLB c88829d88829121212t2012 mx d | |||| 00| 0 spa d aT HF5548 bA32 2012 aArellano Reyes, Wenceslaoesustentante aValidez y confiabilidad e un instrumento que mide competencias directivas en el IMSS c/ tesis para obtener el título de Licenciado en Psicología, presenta C. Wenceslao Arellano Reyes; asesora Blanca Patricia Murrieta Sánchez  aMéxicob: s/ed.c, 2012 a102 páginasb: gráficas a d  aMurrieta Sánchez, Blanca Patriciaeasesor aUniversidad Nacional Autónoma de México einstitución que otorga el título. aUniversidad Insurgentes, Plantel Xolaeentidad participante.  cTESIS